| 000 | 00522nam a2200193Ia 4500 | ||
|---|---|---|---|
| 005 | 20250507130253.0 | ||
| 008 | 008 250505s9999 xx 000 0 eng d | ||
| 037 | _aSeries Article | ||
| 040 |
_aEASL _beng _cEASL |
||
| 041 |
_aeng _2eng |
||
| 084 | _qEASL | ||
| 100 |
_aMathew P.A _9670370 |
||
| 245 | 0 | _aSearch of EI dorado:Chinese diaspora in South Asia | |
| 260 |
_aIndia _bNew delhi Sage Publications _c2012 |
||
| 300 | _a351-364 | ||
| 650 | _aChina | ||
| 942 | _cSRA | ||
| 999 |
_c1318682 _d1318682 |
||